[Event "PRVA LIGA CENTRALNE SRBIJE 2014"]
[Site "Kraljevo"]
[Date "2014.09.14"]
[Round "2.1"]
[White "Petkov, Vladimir"]
[Black "Arandjelovic, Aleksandar Z"]
[Result "1/2-1/2"]
[WhiteElo "2531"]
[BlackElo "2068"]
[PlyCount "101"]
[EventDate "2014.09.13"]

1. d4 f5 2. g3 Nf6 3. Bg2 g6 4. Nf3 Bg7 5. O-O O-O 6. b3 d6 7. Bb2 a5 8. a4 Ne4
9. Nfd2 Nxd2 10. Nxd2 Nd7 11. e4 fxe4 12. Nxe4 c6 13. Re1 Nf6 14. Ng5 Ng4 15.
Ne6 Bxe6 16. Rxe6 Nh6 17. Qd3 Rf7 18. Rae1 Qf8 19. R1e2 Bf6 20. h4 Qg7 21. c3
Nf5 22. h5 Qh6 23. hxg6 hxg6 24. Qd2 Bg5 25. Qd3 Rh7 26. c4 Rf8 27. Kf1 Bf6 28.
R6e4 c5 29. Rg4 Rg7 30. Bd5+ Kh8 31. Ree4 Rh7 32. Ke2 Qg7 33. Be6 Nxd4+ 34.
Bxd4 Bxd4 35. Rgf4 Rf6 36. Qf3 Be5 37. Rxf6 exf6 38. Bd5 f5 39. Re3 Qf6 40.
Bxb7 Re7 41. Kf1 Bd4 42. Rd3 Qg5 43. Rd1 Qh5 44. Qxh5+ gxh5 45. Bf3 f4 46. gxf4
h4 47. Bd5 Kg7 48. f5 Kh6 49. Be6 Rg7 50. Rd3 Rg4 51. Rh3 1/2-1/2

[Event "PRVA LIGA CENTRALNE SRBIJE 2014"]
[Site "Kraljevo"]
[Date "2014.09.14"]
[Round "2.1"]
[White "Djokic, Nebojsa"]
[Black "Paunovic, Tomislav"]
[Result "0-1"]
[WhiteElo "2180"]
[BlackElo "2341"]
[PlyCount "76"]
[EventDate "2014.09.13"]

1. e4 g6 2. Nc3 Bg7 3. d4 c6 4. Be3 d5 5. Qd2 dxe4 6. Nxe4 Nd7 7. Nf3 Ngf6 8.
Ng3 h5 9. Bd3 h4 10. Ne2 h3 11. gxh3 Nb6 12. Ne5 Nbd5 13. Bg5 Bxh3 14. c4 Nc7
15. O-O-O Ne6 16. Be3 Ng4 17. Nxg6 fxg6 18. Bxg6+ Kf8 19. Qd3 Qa5 20. Kb1 Rd8
21. Rhg1 Ne5 22. Bd2 Qb6 23. Qg3 Nxc4 24. Qf3+ Bf6 25. Bc3 Rd5 26. Rg3 Ng5 27.
Qf4 Qd8 28. Rdg1 Qd6 29. Qc1 Bf5+ 30. Bxf5 Rxf5 31. Rxg5 Rxg5 32. Rxg5 Bxg5 33.
Qxg5 Qf6 34. Qc5 Nd6 35. d5 Qf5+ 36. Kc1 Rxh2 37. Qxa7 Rh1+ 38. Kd2 Nc4# 0-1

[Event "PRVA LIGA CENTRALNE SRBIJE 2014"]
[Site "Kraljevo"]
[Date "2014.09.14"]
[Round "2.1"]
[White "Manic, Jovica"]
[Black "Djukic, Slobodan D"]
[Result "1-0"]
[WhiteElo "2254"]
[BlackElo "2195"]
[PlyCount "42"]
[EventDate "2014.09.13"]

1. d4 Nf6 2. Bg5 c5 3. d5 Qb6 4. Nc3 Qxb2 5. Bd2 Qb6 6. e4 d6 7. f4 e6 8. Bb5+
Bd7 9. Rb1 Qc7 10. Nf3 a6 11. Bxd7+ Nbxd7 12. dxe6 fxe6 13. Ng5 Ke7 14. f5 exf5
15. exf5 h6 16. Ne6 Qc6 17. O-O Kf7 18. Qe1 Ne5 19. Bf4 Ned7 20. Rd1 Be7 21.
Qg3 h5 1-0

[Event "PRVA LIGA CENTRALNE SRBIJE 2014"]
[Site "Kraljevo"]
[Date "2014.09.14"]
[Round "2.1"]
[White "Madjar, Stanislav"]
[Black "Todorovic, Bojan"]
[Result "0-1"]
[WhiteElo "2162"]
[BlackElo "2344"]
[PlyCount "68"]
[EventDate "2014.09.13"]

1. c4 Nf6 2. Nc3 c5 3. g3 e6 4. Nf3 b6 5. Bg2 Bb7 6. O-O Be7 7. b3 O-O 8. Bb2
d6 9. e3 Nbd7 10. Qe2 Qc7 11. Rad1 Rfe8 12. d3 a6 13. Ne1 Bxg2 14. Nxg2 Qc6 15.
f4 d5 16. g4 g6 17. g5 Nh5 18. Qf3 Rac8 19. cxd5 exd5 20. Nxd5 Bf8 21. e4 Bg7
22. Bxg7 Nxg7 23. Nge3 f6 24. Ng4 Nh5 25. Rd2 Kh8 26. Rdf2 Rcd8 27. Qh3 Rf8 28.
gxf6 Ndxf6 29. Ne5 Qb7 30. Nxf6 Rxf6 31. f5 Qe7 32. fxg6 Rxf2 33. Nf7+ Rxf7 34.
Rxf7 Qg5+ 0-1

[Event "PRVA LIGA CENTRALNE SRBIJE 2014"]
[Site "Kraljevo"]
[Date "2014.09.14"]
[Round "2.1"]
[White "Nikolic, Boban"]
[Black "Mickovic, Slavisa"]
[Result "1/2-1/2"]
[WhiteElo "2242"]
[BlackElo "2104"]
[PlyCount "91"]
[EventDate "2014.09.13"]

1. Nf3 d5 2. c4 dxc4 3. e3 Nf6 4. Bxc4 e6 5. d4 c5 6. O-O a6 7. Bb3 Nc6 8. Nc3
Be7 9. dxc5 Qxd1 10. Rxd1 Bxc5 11. Bd2 Na5 12. Bc2 Nc4 13. Na4 Nxd2 14. Nxd2
Ba7 15. Nc4 b5 16. Nab6 Bxb6 17. Nxb6 Rb8 18. Nxc8 Rxc8 19. Bd3 Nd7 20. a4 Nc5
21. axb5 Nxd3 22. Rxd3 axb5 23. Rb3 Rc5 24. Ra8+ Ke7 25. Ra7+ Kf6 26. g3 Rb8
27. Rd3 Rc2 28. b3 g5 29. Rdd7 Rf8 30. Rab7 Rc5 31. b4 Re5 32. h3 h5 33. Rdc7
h4 34. g4 Rd5 35. Kg2 Re5 36. Rc5 Rxc5 37. bxc5 Ke5 38. Rxb5 f6 39. Kf3 Rc8 40.
e4 Ra8 41. c6+ Kd6 42. Rb6 Ra3+ 43. Kg2 Rc3 44. Rb5 Kxc6 45. Ra5 Rc5 46. Ra6+
1/2-1/2

[Event "PRVA LIGA CENTRALNE SRBIJE 2014"]
[Site "Kraljevo"]
[Date "2014.09.14"]
[Round "2.1"]
[White "Ilic, Aleksandar"]
[Black "Pejcic, Milutin"]
[Result "0-1"]
[WhiteElo "2114"]
[BlackElo "2135"]
[PlyCount "124"]
[EventDate "2014.09.13"]

1. e4 c5 2. Nf3 e6 3. d4 cxd4 4. Nxd4 Nc6 5. Nc3 Qc7 6. Be3 Nf6 7. f4 d6 8. Qf3
Bd7 9. h3 Nxd4 10. Bxd4 Bc6 11. g4 a6 12. g5 Nd7 13. f5 exf5 14. Qxf5 Ne5 15.
O-O-O Be7 16. h4 O-O 17. Bxe5 dxe5 18. Nd5 Bxd5 19. Rxd5 Bd6 20. h5 Rac8 21.
Bd3 Qe7 22. Rd1 Rc5 23. Kb1 Rxd5 24. exd5 g6 25. Qg4 e4 26. Bxe4 Qe5 27. Bd3
Be7 28. hxg6 hxg6 29. Rh1 Rd8 30. Bc4 Bxg5 31. d6 b5 32. Bb3 Rxd6 33. a3 Be7
34. Qh3 Kf8 35. Qc8+ Bd8 36. Rf1 f5 37. Rh1 Kg7 38. Qb7+ Be7 39. Qa8 Bd8 40.
Ka2 a5 41. Qb7+ Be7 42. Qb8 Bd8 43. Rd1 Bf6 44. Qg8+ Kh6 45. Rh1+ Kg5 46. Rg1+
Kf4 47. Rf1+ Kg5 48. c3 Rd2 49. Rg1+ Kf4 50. Rf1+ Ke3 51. Qxg6 Rxb2+ 52. Ka1
Rf2 53. Rc1 Qd6 54. Re1+ Kf4 55. Qh6+ Kg3 56. Rg1+ Kf3 57. Bd1+ Ke4 58. Re1+
Kd5 59. Bf3+ Kc4 60. Be2+ Rxe2 61. Rxe2 Qd1+ 62. Kb2 Bxc3+ 0-1

[Event "PRVA LIGA CENTRALNE SRBIJE 2014"]
[Site "Kraljevo"]
[Date "2014.09.14"]
[Round "2.2"]
[White "Milanovic, Slavisa"]
[Black "Iordachescu, Viorel"]
[Result "1/2-1/2"]
[WhiteElo "2418"]
[BlackElo "2603"]
[PlyCount "92"]
[EventDate "2014.09.13"]

1. c4 e5 2. Nc3 Nf6 3. Nf3 Nc6 4. a3 g6 5. g3 d5 6. cxd5 Nxd5 7. Bg2 Nde7 8. b4
Bg7 9. Bb2 O-O 10. O-O h6 11. d3 a6 12. Rc1 Re8 13. e3 Nf5 14. Ne4 Nd6 15. Qc2
a5 16. Nxd6 cxd6 17. b5 Na7 18. a4 Be6 19. Nd2 Rc8 20. Qb1 d5 21. Qa1 Bf5 22.
e4 dxe4 23. dxe4 Bg4 24. Bc3 b6 25. h3 Be6 26. Rfd1 Qe7 27. Bxe5 Bxe5 28. Qxe5
Qb4 29. Rxc8 Nxc8 30. Qa1 Rd8 31. Nf1 Rxd1 32. Qxd1 Nd6 33. Ne3 Nxe4 34. Qd8+
Kh7 35. Qxb6 Nc3 36. Qc7 Nxa4 37. Nd5 Qe1+ 38. Kh2 Bxd5 39. Bxd5 Qxf2+ 40. Kh1
Kg7 41. Qxa5 Qxg3 42. Qxa4 Qxh3+ 43. Kg1 Qe3+ 44. Kh1 Qh3+ 45. Kg1 Qe3+ 46. Kh1
Qh3+ 1/2-1/2

[Event "PRVA LIGA CENTRALNE SRBIJE 2014"]
[Site "Kraljevo"]
[Date "2014.09.14"]
[Round "2.2"]
[White "Milanovic, Danilo"]
[Black "Lapcevic, Milos"]
[Result "1-0"]
[WhiteElo "2481"]
[BlackElo "2377"]
[PlyCount "71"]
[EventDate "2014.09.13"]

1. d4 Nf6 2. c4 e6 3. Nc3 Bb4 4. e3 O-O 5. Bd3 d5 6. Nf3 b6 7. O-O Bb7 8. a3
Be7 9. b3 c5 10. Bb2 Nc6 11. cxd5 Nxd5 12. dxc5 bxc5 13. Qc2 h6 14. Rfd1 Qc7
15. Na4 Na5 16. e4 Nf4 17. Be5 Bd6 18. Bxd6 Qxd6 19. Nxc5 Qc7 20. b4 Nc6 21.
Bf1 Rad8 22. Rxd8 Nxd8 23. Rd1 Bc8 24. Qd2 Nc6 25. Qd6 Qxd6 26. Rxd6 Nb8 27.
Nd4 Kh7 28. Nb5 a6 29. Nc7 f5 30. g3 Rf7 31. N5xa6 Nxa6 32. Nxa6 Ng6 33. exf5
exf5 34. f4 Re7 35. Kf2 Nf8 36. Nc5 1-0

[Event "PRVA LIGA CENTRALNE SRBIJE 2014"]
[Site "Kraljevo"]
[Date "2014.09.14"]
[Round "2.2"]
[White "Blesic, Vaso"]
[Black "Kostic, Vladimir G"]
[Result "0-1"]
[WhiteElo "2366"]
[BlackElo "2399"]
[PlyCount "84"]
[EventDate "2014.09.13"]

1. Nf3 d5 2. g3 c6 3. Bg2 Nf6 4. b3 g6 5. Bb2 Bg7 6. O-O O-O 7. c4 a5 8. d3 a4
9. cxd5 cxd5 10. b4 Qb6 11. a3 Bd7 12. Bd4 Qd8 13. Nbd2 Nc6 14. Bb2 Qb6 15. Rc1
Rfc8 16. Rc5 e6 17. Qa1 Qd8 18. e4 b6 19. Rcc1 Ne8 20. Bxg7 Nxg7 21. exd5 exd5
22. Ne5 Nxe5 23. Qxe5 Be6 24. Nf3 Rxc1 25. Rxc1 Rc8 26. Rxc8 Qxc8 27. h4 Qc1+
28. Kh2 h6 29. Qb8+ Kh7 30. Qxb6 Qxa3 31. Qa5 Qa2 32. b5 Nh5 33. Nd2 Nf6 34. b6
Qa1 35. Bf3 Qd4 36. Kg2 Qxd3 37. b7 Nd7 38. Qb4 a3 39. Nb3 a2 40. Nc1 Qxf3+ 41.
Kxf3 a1=Q 42. Nb3 Qb1 0-1

[Event "PRVA LIGA CENTRALNE SRBIJE 2014"]
[Site "Kraljevo"]
[Date "2014.09.14"]
[Round "2.2"]
[White "Bozic, Milan"]
[Black "Ivanovic, Dragutin"]
[Result "1-0"]
[WhiteElo "2412"]
[BlackElo "2339"]
[PlyCount "112"]
[EventDate "2014.09.13"]

1. c4 e6 2. d4 d5 3. Nc3 Be7 4. Nf3 Nf6 5. Bf4 O-O 6. e3 c5 7. dxc5 Qa5 8. a3
dxc4 9. Bxc4 Qxc5 10. Qe2 Nc6 11. O-O Nh5 12. Bg3 Nxg3 13. hxg3 Ne5 14. Nxe5
Qxe5 15. Rfd1 a6 16. f4 Qb8 17. Bd3 b5 18. Kf2 f5 19. g4 Bc5 20. g3 Bb7 21. Bc2
Qc7 22. Rac1 Rae8 23. b4 Bb6 24. Bb3 Qe7 25. gxf5 Rxf5 26. Ke1 Rf6 27. e4 Rg6
28. Rd3 Kh8 29. Rcd1 Qf8 30. Qf3 Rd8 31. Rxd8 Bxd8 32. Qd3 Be7 33. e5 Rh6 34.
Kd2 g5 35. Ne2 Rh2 36. Kc1 a5 37. Bxe6 gxf4 38. gxf4 axb4 39. axb4 Qa8 40. Rg1
Qa1+ 41. Qb1 Qxb1+ 42. Kxb1 Be4+ 43. Ka1 Bg6 44. Nd4 Bxb4 45. Nxb5 Bd2 46. f5
Bf4 47. Re1 Bg3 48. Re3 Bf2 49. Rd3 Rh5 50. Nd6 Kg7 51. Kb2 Bc5 52. Kb3 Bg1 53.
Kc4 Bh2 54. Kd5 Rg5 55. Rh3 Bg3 56. f6+ Kh8 1-0

[Event "PRVA LIGA CENTRALNE SRBIJE 2014"]
[Site "Kraljevo"]
[Date "2014.09.14"]
[Round "2.2"]
[White "Ratkovic, Milovan"]
[Black "Popovic, Nenad"]
[Result "1-0"]
[WhiteElo "2315"]
[BlackElo "2263"]
[PlyCount "59"]
[EventDate "2014.09.13"]

1. d4 d5 2. c4 e6 3. Nc3 Nf6 4. Nf3 Nbd7 5. Bf4 c6 6. e3 Be7 7. Bd3 dxc4 8.
Bxc4 b5 9. Bd3 Bb7 10. O-O a6 11. e4 c5 12. d5 exd5 13. exd5 Nxd5 14. Nxd5 Bxd5
15. Bxb5 Bxf3 16. Bxd7+ Qxd7 17. Qxf3 O-O 18. Be5 Rac8 19. Rad1 Qc6 20. Qg4 f6
21. Rd7 Rf7 22. Bc3 f5 23. Qd1 Bf6 24. Rd6 Qb7 25. Bxf6 Rxf6 26. Rxf6 gxf6 27.
Re1 c4 28. Qd4 Qc6 29. Re7 Rf8 30. Qa7 1-0

[Event "PRVA LIGA CENTRALNE SRBIJE 2014"]
[Site "Kraljevo"]
[Date "2014.09.14"]
[Round "2.2"]
[White "Komnenic, Branko"]
[Black "Sandic, Vladeta"]
[Result "1/2-1/2"]
[WhiteElo "2255"]
[BlackElo "2335"]
[PlyCount "57"]
[EventDate "2014.09.13"]

1. d4 Nf6 2. Bg5 d5 3. Bxf6 exf6 4. e3 Be6 5. g3 c6 6. Bg2 Nd7 7. Ne2 f5 8. Nd2
Bd6 9. O-O O-O 10. b3 Nf6 11. c4 Ne4 12. Rc1 Re8 13. c5 Bc7 14. f3 Nf6 15. Nf4
Bd7 16. Re1 Re7 17. Nd3 Qe8 18. Nf1 Qf8 19. Qd2 Rae8 20. b4 g6 21. Rb1 h5 22.
h4 Qh6 23. f4 Ne4 24. Qc1 f6 25. Rb2 Kh8 26. Bf3 Rh7 27. Rh2 Rg8 28. Ree2 Be8
29. Reg2 1/2-1/2

[Event "PRVA LIGA CENTRALNE SRBIJE 2014"]
[Site "Kraljevo"]
[Date "2014.09.14"]
[Round "2.3"]
[White "Zlatanovic, Boroljub"]
[Black "Marjanovic, Slavoljub"]
[Result "1/2-1/2"]
[WhiteElo "2402"]
[BlackElo "2473"]
[PlyCount "55"]
[EventDate "2014.09.13"]

1. Nc3 c5 2. e4 Nc6 3. f4 g6 4. Nf3 Bg7 5. g4 d6 6. h3 h5 7. g5 e6 8. Bg2 Nge7
9. O-O d5 10. d3 b6 11. Nh4 dxe4 12. dxe4 Ba6 13. Re1 Qxd1 14. Nxd1 Nb4 15. e5
Nxc2 16. Bxa8 Nxe1 17. Nf2 Nd3 18. Be4 Nxf2 19. Kxf2 Kd7 20. Be3 Kc7 21. b4
cxb4 22. Bd2 Bf8 23. Bxb4 Nf5 24. Rc1+ Kb8 25. Bxf8 Rxf8 26. Nxf5 gxf5 27. Bf3
h4 28. Bh5 1/2-1/2

[Event "PRVA LIGA CENTRALNE SRBIJE 2014"]
[Site "Kraljevo"]
[Date "2014.09.14"]
[Round "2.3"]
[White "Radovanovic, Nikola"]
[Black "Maksimovic, Branimir"]
[Result "1-0"]
[WhiteElo "2348"]
[BlackElo "2384"]
[PlyCount "71"]
[EventDate "2014.09.13"]

1. e4 d5 2. exd5 Qxd5 3. Nc3 Qd6 4. d4 a6 5. Nge2 Nf6 6. Bf4 Qd8 7. Qd3 e6 8.
g3 Bd7 9. Bg2 Bc6 10. Bxc6+ Nxc6 11. O-O-O Be7 12. Kb1 O-O 13. h3 Nb4 14. Qf3
c6 15. g4 Nbd5 16. Bc1 b5 17. g5 Nd7 18. h4 a5 19. Qg4 b4 20. Nxd5 exd5 21. h5
Qc8 22. Ng3 Re8 23. Nf5 Bf8 24. Rdg1 Re4 25. Qg3 Kh8 26. g6 Nf6 27. Nh6 Ra7 28.
Nxf7+ Rxf7 29. gxf7 Qe6 30. h6 Qxf7 31. hxg7+ Bxg7 32. Bh6 Bxh6 33. Rxh6 Rg4
34. Qb8+ Kg7 35. Rxg4+ Nxg4 36. Rxc6 1-0

[Event "PRVA LIGA CENTRALNE SRBIJE 2014"]
[Site "Kraljevo"]
[Date "2014.09.14"]
[Round "2.3"]
[White "Radovic, Luka"]
[Black "Necevski, Aleksandar"]
[Result "1/2-1/2"]
[WhiteElo "2210"]
[BlackElo "2270"]
[PlyCount "42"]
[EventDate "2014.09.13"]

1. Nf3 c5 2. g3 Nc6 3. Bg2 e5 4. d3 g6 5. O-O Bg7 6. c4 Nge7 7. Nc3 O-O 8. Bd2
Rb8 9. Qc1 d6 10. Bh6 Bd7 11. Bxg7 Kxg7 12. e3 f5 13. a3 Be6 14. Rb1 a5 15. Ng5
Bg8 16. f4 b6 17. Nd5 h6 18. Nh3 Nxd5 19. cxd5 Ne7 20. e4 Qc7 21. Qc3 Kh8
1/2-1/2

[Event "PRVA LIGA CENTRALNE SRBIJE 2014"]
[Site "Kraljevo"]
[Date "2014.09.14"]
[Round "2.3"]
[White "Perunovic, Ljubivoje"]
[Black "Radovic, Janko"]
[Result "0-1"]
[WhiteElo "1915"]
[BlackElo "2125"]
[PlyCount "90"]
[EventDate "2014.09.13"]

1. d4 Nf6 2. Nf3 c5 3. e3 e6 4. Nbd2 b6 5. Bd3 Bb7 6. O-O Be7 7. Qe2 O-O 8. c3
Nc6 9. e4 d6 10. e5 Nd5 11. Ne4 cxd4 12. cxd4 Ndb4 13. Rd1 Nxd3 14. Qxd3 dxe5
15. dxe5 Qxd3 16. Rxd3 Nxe5 17. Nxe5 Bxe4 18. Rd1 Rac8 19. Be3 Bf6 20. f4 Rc2
21. Rd2 Rfc8 22. Rxc2 Rxc2 23. Rc1 Rxg2+ 24. Kf1 Rc2 25. Rxc2 Bxc2 26. Ke2 Ba4
27. b3 Bb5+ 28. Kd2 Be7 29. Kc3 f6 30. Nc4 Kf7 31. a4 Bc6 32. a5 b5 33. Nb2 a6
34. Nd3 Bb7 35. Nc5 Bc8 36. Kd4 Ke8 37. Bd2 Bd6 38. Be3 Kd8 39. Nd3 Ke7 40. Bd2
Kf7 41. Nc5 Kg6 42. b4 Kf5 43. Ne4 Bxf4 44. Bxf4 Kxf4 45. Nd6 e5+ 0-1

[Event "PRVA LIGA CENTRALNE SRBIJE 2014"]
[Site "Kraljevo"]
[Date "2014.09.14"]
[Round "2.4"]
[White "Pancevski, Filip"]
[Black "Jovanovic, Dusan D"]
[Result "1/2-1/2"]
[WhiteElo "2469"]
[BlackElo "2401"]
[PlyCount "54"]
[EventDate "2014.09.13"]

1. e4 e5 2. Nf3 Nc6 3. Nc3 Nf6 4. Bb5 Bd6 5. a3 O-O 6. d3 h6 7. g4 Be7 8. g5
hxg5 9. Bxc6 dxc6 10. Bxg5 Ng4 11. Bxe7 Qxe7 12. h3 Nf6 13. Qd2 Nh5 14. O-O-O
Qf6 15. Qe3 Re8 16. Ne2 Qh6 17. Qxh6 gxh6 18. Nh4 Kh7 19. Kd2 Be6 20. Ke3 Rad8
21. Rh2 c5 22. Rf1 Rg8 23. f4 exf4+ 24. Nxf4 Nxf4 25. Kxf4 c4 26. dxc4 Bxc4 27.
Rff2 Be6 1/2-1/2

[Event "PRVA LIGA CENTRALNE SRBIJE 2014"]
[Site "Kraljevo"]
[Date "2014.09.14"]
[Round "2.4"]
[White "Stojanovic, Dobrisav"]
[Black "Zajic, Milan"]
[Result "1/2-1/2"]
[WhiteElo "2367"]
[BlackElo "2426"]
[PlyCount "81"]
[EventDate "2014.09.13"]

1. d4 Nf6 2. c4 e6 3. Nf3 c5 4. g3 cxd4 5. Nxd4 Nc6 6. Bg2 a6 7. O-O Bc5 8. e3
Qb6 9. Nxc6 bxc6 10. Nc3 Be7 11. b3 O-O 12. Bb2 d6 13. Na4 Qc7 14. Rc1 Rb8 15.
Qd2 c5 16. Rfd1 Nd7 17. Bc3 Bb7 18. Ba5 Qc8 19. f4 Nf6 20. Nc3 Bd8 21. Bxd8
Rxd8 22. e4 Qc7 23. h3 e5 24. fxe5 dxe5 25. Nd5 Qd6 26. Qf2 Bxd5 27. cxd5 Rdc8
28. Rc4 Rb4 29. Rdc1 Rxc4 30. Rxc4 Rc7 31. Bf1 h5 32. Kh2 a5 33. Qd2 Qb6 34.
Qc3 Nd7 35. Ra4 Ra7 36. Rc4 Qf6 37. Bg2 h4 38. Qe1 Ra6 39. gxh4 Qf4+ 40. Kh1
Rg6 41. Rc2 1/2-1/2

[Event "PRVA LIGA CENTRALNE SRBIJE 2014"]
[Site "Kraljevo"]
[Date "2014.09.14"]
[Round "2.4"]
[White "Mladenovic, Stefan"]
[Black "Panic, Nenad"]
[Result "1-0"]
[WhiteElo "2336"]
[BlackElo "2346"]
[PlyCount "59"]
[EventDate "2014.09.13"]

1. d4 Nf6 2. Nf3 e6 3. e3 c5 4. Bd3 b6 5. O-O Bb7 6. c4 Be7 7. Nc3 cxd4 8. exd4
d5 9. cxd5 Nxd5 10. Ne5 O-O 11. Qg4 f5 12. Qe2 Nd7 13. Nc6 Bxc6 14. Qxe6+ Kh8
15. Nxd5 Nc5 16. Qxc6 Nxd3 17. Rd1 Rc8 18. Qe6 Nxf2 19. Kxf2 Bd6 20. Kg1 Re8
21. Qxf5 Qh4 22. Bf4 Rf8 23. Qxc8 Rxc8 24. Bxd6 Qd8 25. Ne7 Ra8 26. Nf5 Qg5 27.
Rf1 Rc8 28. Rae1 h5 29. Re3 h4 30. Re4 1-0

[Event "PRVA LIGA CENTRALNE SRBIJE 2014"]
[Site "Kraljevo"]
[Date "2014.09.14"]
[Round "2.4"]
[White "Ilic, Dragan M"]
[Black "Cvetanovic, Uros"]
[Result "1/2-1/2"]
[WhiteElo "2365"]
[BlackElo "2323"]
[PlyCount "32"]
[EventDate "2014.09.13"]

1. d4 Nf6 2. c4 e6 3. Nc3 Bb4 4. e3 b6 5. Bd3 Bb7 6. Nf3 Ne4 7. Qc2 f5 8. O-O
Bxc3 9. bxc3 O-O 10. Nd2 Qh4 11. f4 Nf6 12. e4 fxe4 13. Nxe4 Nxe4 14. Bxe4 Bxe4
15. Qxe4 Nc6 16. Ba3 Rfe8 1/2-1/2

[Event "PRVA LIGA CENTRALNE SRBIJE 2014"]
[Site "Kraljevo"]
[Date "2014.09.14"]
[Round "2.4"]
[White "Brankovic, Dejan"]
[Black "Peric, Slavisa"]
[Result "1-0"]
[WhiteElo "2345"]
[BlackElo "2180"]
[PlyCount "89"]
[EventDate "2014.09.13"]

1. e4 e6 2. d4 d5 3. Nc3 Bb4 4. e5 Qd7 5. Bd2 b6 6. Nb5 Bxd2+ 7. Qxd2 a6 8. Na3
c5 9. c4 Nc6 10. Nf3 Nge7 11. cxd5 exd5 12. Rc1 cxd4 13. Bd3 Qg4 14. O-O O-O
15. Rfe1 Bd7 16. Nc2 Ng6 17. Bxg6 Qxg6 18. Ncxd4 Nd8 19. Qe3 Ne6 20. Nxe6 fxe6
21. Rc7 Be8 22. Nd4 Rf7 23. Rxf7 Qxf7 24. Rc1 h6 25. g3 Qe7 26. a3 Bd7 27. Rc7
Qd8 28. Rc3 Rc8 29. f4 Rxc3 30. Qxc3 Qc8 31. Qxc8+ Bxc8 32. Kf2 Kf7 33. Ke3 Ke7
34. g4 g6 35. b4 Bd7 36. Kf3 Kf7 37. Kg3 Ke7 38. Nf3 Kf7 39. Nd2 Ba4 40. Nb1
Ke7 41. Nc3 Bc2 42. Kf2 Bb3 43. Ne2 Ba4 44. Nd4 Bd7 45. Ke3 1-0

[Event "PRVA LIGA CENTRALNE SRBIJE 2014"]
[Site "Kraljevo"]
[Date "2014.09.14"]
[Round "2.4"]
[White "Popovic, Milan S"]
[Black "Djordjevic, Vuk"]
[Result "0-1"]
[WhiteElo "2211"]
[BlackElo "2265"]
[PlyCount "72"]
[EventDate "2014.09.13"]

1. e4 e6 2. d3 d5 3. Qe2 Nf6 4. Nf3 Be7 5. g3 c5 6. Bg2 Nc6 7. e5 Nd7 8. h4 b5
9. h5 a5 10. Bf4 Ba6 11. c3 h6 12. Nbd2 a4 13. g4 a3 14. b3 c4 15. bxc4 bxc4
16. d4 Nb6 17. Qe3 Na4 18. g5 hxg5 19. Bxg5 Bxg5 20. Nxg5 Nb2 21. Bf1 Ne7 22.
Ngf3 Nf5 23. Qf4 Qa5 24. Rc1 Na4 25. Bh3 Rxh5 26. Rh2 Nb2 27. Bxf5 Rxf5 28. Qg4
Nd3+ 29. Kf1 Kd7 30. Rb1 Qxc3 31. Rh5 Rf4 32. Qxg7 Qc2 33. Rh2 c3 34. Rb6 cxd2
35. Rd6+ Kc7 36. Nxd2 Qxd2 0-1

[Event "PRVA LIGA CENTRALNE SRBIJE 2014"]
[Site "Kraljevo"]
[Date "2014.09.14"]
[Round "2.5"]
[White "Stankovic, Milos"]
[Black "Parligras, Mircea-Emilian"]
[Result "0-1"]
[WhiteElo "2415"]
[BlackElo "2578"]
[PlyCount "80"]
[EventDate "2014.09.13"]

1. e4 c5 2. Nf3 d6 3. d4 cxd4 4. Nxd4 Nf6 5. Nc3 a6 6. g3 e5 7. Nb3 Be7 8. Bg2
b5 9. a4 b4 10. Nd5 Nxd5 11. Qxd5 Ra7 12. Be3 Be6 13. Qd3 Rb7 14. O-O O-O 15.
Rfc1 a5 16. c4 bxc3 17. Rxc3 Nd7 18. Qc2 Nf6 19. Rd1 Qa8 20. Nc1 Rfb8 21. Rc7
Rxb2 22. Qc3 R2b7 23. Rxb7 Rxb7 24. Bd2 Bf8 25. Qxa5 Ra7 26. Qb5 Nxe4 27. a5 d5
28. Be1 Nd6 29. Qd3 e4 30. Qc3 Bg4 31. f3 d4 32. Qxd4 Nf5 33. Qxe4 Qxe4 34.
fxe4 Bc5+ 35. Kh1 Nxg3+ 36. hxg3 Bxd1 37. Nd3 Bd6 38. Nb2 Be2 39. Na4 Bc7 40.
Nb6 Bxb6 0-1

[Event "PRVA LIGA CENTRALNE SRBIJE 2014"]
[Site "Kraljevo"]
[Date "2014.09.14"]
[Round "2.5"]
[White "Perunovic, Miodrag"]
[Black "Nestorovic, Dejan"]
[Result "1/2-1/2"]
[WhiteElo "2415"]
[BlackElo "2425"]
[PlyCount "88"]
[EventDate "2014.09.13"]

1. d4 Nf6 2. c4 e6 3. Nc3 Bb4 4. e3 O-O 5. Bd3 d5 6. cxd5 exd5 7. Nge2 c5 8. a3
cxd4 9. exd4 Bxc3+ 10. bxc3 Nc6 11. O-O h6 12. f3 Re8 13. Kh1 Na5 14. g4 Nc4
15. Rg1 Nh7 16. Nf4 Ng5 17. h4 Ne6 18. Ng2 Bd7 19. Qf1 Qa5 20. Ra2 Qxc3 21. Rc2
Qb3 22. g5 hxg5 23. Qd1 Ba4 24. hxg5 g6 25. Qf1 Nxd4 26. Rf2 Ne5 27. Nf4 Nxd3
28. Nxd3 Bb5 29. Bb2 Qxd3 30. Qxd3 Bxd3 31. Bxd4 Re2 32. Kg2 Rxf2+ 33. Kxf2 Kf8
34. Re1 b6 35. Bf6 Rc8 36. Re7 a5 37. Rb7 b5 38. Ke3 Bc4 39. Kd4 Be2 40. f4 Bc4
41. Ra7 a4 42. Ke5 Re8+ 43. Kd6 d4 44. Bxd4 Rd8+ 1/2-1/2

[Event "PRVA LIGA CENTRALNE SRBIJE 2014"]
[Site "Kraljevo"]
[Date "2014.09.14"]
[Round "2.5"]
[White "Markovic, Zoran S"]
[Black "Radovanovic, Dusan"]
[Result "1/2-1/2"]
[WhiteElo "2358"]
[BlackElo "2394"]
[PlyCount "81"]
[EventDate "2014.09.13"]

1. e4 c5 2. Nf3 Nc6 3. d4 cxd4 4. Nxd4 e5 5. Nb5 d6 6. c4 Be7 7. N1c3 a6 8. Na3
Nf6 9. Be2 O-O 10. Be3 Be6 11. O-O Rc8 12. Rc1 Nd7 13. Qd2 Nc5 14. Nc2 f5 15.
exf5 Bxf5 16. Nd5 Ne4 17. Nxe7+ Qxe7 18. Qd1 Nf6 19. a3 Kh8 20. Nb4 Nxb4 21.
axb4 Rfd8 22. Re1 Qf7 23. Bb6 Rd7 24. Qa4 h6 25. b5 axb5 26. Qxb5 Be4 27. Qb3
d5 28. cxd5 Rxc1 29. Rxc1 Bxd5 30. Qg3 Bc6 31. Be3 e4 32. h3 Kh7 33. Bc4 Qe7
34. Qh4 Qe5 35. b3 g5 36. Qg3 Qxg3 37. fxg3 Nd5 38. Bc5 h5 39. Rd1 Kg6 40. Kh2
Nf6 41. Rxd7 1/2-1/2

[Event "PRVA LIGA CENTRALNE SRBIJE 2014"]
[Site "Kraljevo"]
[Date "2014.09.14"]
[Round "2.5"]
[White "Dudukovic, Nikola"]
[Black "Radivojevic, Ivan"]
[Result "1/2-1/2"]
[WhiteElo "2341"]
[BlackElo "2365"]
[PlyCount "152"]
[EventDate "2014.09.13"]

1. d4 Nf6 2. c4 e6 3. Nf3 Bb4+ 4. Nbd2 b6 5. g3 Bb7 6. Bg2 Ne4 7. O-O Nxd2 8.
Bxd2 Bxd2 9. Qxd2 d5 10. cxd5 Bxd5 11. Qc2 Nd7 12. e4 Bb7 13. Rfe1 O-O 14. Rad1
Rc8 15. Qa4 a6 16. b4 Qe7 17. Qb3 Rb8 18. a3 c5 19. bxc5 bxc5 20. Qe3 cxd4 21.
Nxd4 Rfc8 22. Rb1 Ne5 23. Rb3 Ba8 24. Rxb8 Rxb8 25. Rc1 h6 26. h3 Qd7 27. Qc3
Rd8 28. Nb3 Qd6 29. Qc5 Qxc5 30. Rxc5 Nd3 31. Rc7 f5 32. exf5 Bxg2 33. Kxg2
exf5 34. Nc5 Rd6 35. a4 Ne1+ 36. Kf1 Nf3 37. Ra7 Rc6 38. Nxa6 Rc4 39. a5 g5 40.
Rc7 Re4 41. Rc1 Ra4 42. Rc5 g4 43. hxg4 fxg4 44. Ke2 Ra3 45. Rd5 Ng5 46. Nb4
Ne4 47. Re5 Nd6 48. Re6 Nf5 49. Rg6+ Kf7 50. Rxg4 Rxa5 51. Nd3 Ra2+ 52. Kf1 Kf6
53. Nf4 Ke5 54. Nd3+ Kf6 55. Rf4 Kg5 56. Ne5 Rb2 57. Nf3+ Kg6 58. Nh4+ Nxh4 59.
Rxh4 Ra2 60. Kg2 Rb2 61. Rf4 Ra2 62. Kh3 Kg5 63. Rf8 Ra4 64. f4+ Kg6 65. Rg8+
Kf6 66. Rb8 Ra1 67. Rb6+ Kf5 68. Rb5+ Kg6 69. Kg4 Ra3 70. Rb6+ Kg7 71. f5 Ra1
72. Rg6+ Kh7 73. Kh3 Rf1 74. g4 h5 75. Rg5 hxg4+ 76. Kxg4 Rg1+ 1/2-1/2

[Event "PRVA LIGA CENTRALNE SRBIJE 2014"]
[Site "Kraljevo"]
[Date "2014.09.14"]
[Round "2.5"]
[White "Zivkovic, Ivan B"]
[Black "Organdziev, Oliver"]
[Result "1/2-1/2"]
[WhiteElo "2325"]
[BlackElo "2302"]
[PlyCount "62"]
[EventDate "2014.09.13"]

1. e4 e6 2. d4 d5 3. Nc3 Nf6 4. e5 Nfd7 5. f4 c5 6. Nf3 Nc6 7. Be3 a6 8. Qd2
cxd4 9. Nxd4 Nxd4 10. Bxd4 Bc5 11. O-O-O b5 12. Bxc5 Nxc5 13. Bd3 b4 14. Ne2 a5
15. Nd4 Ba6 16. Kb1 Qb6 17. Qe3 a4 18. f5 b3 19. fxe6 bxa2+ 20. Kxa2 Nxe6 21.
Nf5 d4 22. Qe4 Rb8 23. Nd6+ Ke7 24. Rb1 Bxd3 25. Qxd3 Qc5 26. Rhf1 Qxe5 27.
Rxf7+ Kxd6 28. Qa6+ Kc5 29. Qa5+ Rb5 30. Qa7+ Rb6 31. Qa5+ Rb5 1/2-1/2